000
00381nam a2200133Ia 4500
008
151001s9999||||xx |||||||||||||| ||und||
100
_a
दुर्गा - भागवत
245
_a
काश्मीरच्या लोककथा भाग दुसरा
250
_a
1
260
_b
वरदा बुक्स
260
_c
1976
300
_a
79
365
_b
18
999
_c
958939
_d
958936